000 00506nam a2200169 a 4500
001 000012001
005 20200929162642.0
008 091103s19uu dr ac 000 0 spa d
040 _aDO-SdBNP
_bspa
_cBNPHU
082 _a745.57293
_bA786d
245 0 0 _aArtesanías dominicanas.
260 _aSanto Domingo :
_b[s.n.],
_c[19--?].
300 _a[46 p.] :
_bil. ;
_c23 cm.
650 4 _aArtesanías
_xCatálogo
_zRepública Dominicana
_928404
650 4 _aArtesanías
_xComercialización
_928405
049 _aBNPD
999 _c11669
_d11669